000 00694nam a2200289Ia 4500
005 20260324130604.0
008 008 260324s9999 xx 000 0 eng d
020 _a9780203932995
037 _aEBOOK
040 _aCRL
040 _beng
040 _cCRL
041 _2eng
041 _aeng
084 _qCRL
100 _aPer Skålén; Markus Fellesson; Martin Fougère
_91182344
245 0 _aMarketing Discourse
245 2 _bA Critical Perspective
260 _bTaylor and Francis
260 _c2007
365 _a
365 _b240
856 _uhttp://www.taylorfrancis.com/books/9780203932995
942 _cEBOOK
999 _c1778645
_d1778645